Devine le personnage disney/ pixar #10 - Statistiques

Statistiques générales
  • Ce quiz a été pris 330 fois
  • Le résultat moyen est 6 sur 10
Statistiques - réponses
Hint Indice Réponse % Correct
4 Vert, émotion Dégout
89%
3 Chien, jouet, ressort Zig Zag
80%
9 Dinosaure, jouet Rex
75%
5 Voleur, couronne Flynn Rider
64%
7 Blanc, gonflable, puce électronique Baymax
59%
8 Paresseux, ville Flash
59%
2 Méchant, narcissique, fusil Gaston
55%
1 Souris, robe Minnie
38%
6 Jouet, pixar, petite fille Bonnie
24%
10 Petite fille, robe, cheveux noir Lilo
10%
Aucun quiz correspondant
Distribution des résultats
% des personnes avec chaque résultat
Percentile par nombre de réponses
Votre historique - résultats
Vous n’avez pas pris ce quiz